000 01776 am a2200361 a 4500
005 20240524091946.0
008 100330s1993||||ag # f l s001 0 spa d
020 _aS/N
041 _aspa
092 _c618.2
_l68
_sPRO
110 1 _aArgentina. Ministerio de Salud y Acción Social de la Nación.
_bDireccion de Maternidad e Infancia.
_9596
245 _aPropuesta Normativa Perinatal.
_bT.2 Atención de las Patologías Perinatales Prevalentes /
_cMinisterio de Salud y Acción Social de la Nación.
250 _a1a ed.
260 _aBuenos Aires:
_bMinisterio de Salud y Acción Social de la Nación;
_c1993.
300 _a286 p.
500 _aArgentina. Ministerio de Salud y Acción Social de la Nación (1993). Propuesta Normativa Perinatal. T.2 Atención de las Patologías Perinatales Prevalentes. (1a ed.). Buenos Aires : Ministerio de Salud y Acción Social de la Nación.
653 _aEstados hipertensivos del embarazo
653 _aDiabetes y embarazo
653 _aHemorragias durante el periodo perinatal
653 _aAnomalias de la duración del embarazo
653 _aRetardo de crecimiento intrauterino
653 _aInfecciones perinatales
653 _aPatologías maternas y sufrimiento fetal
653 _aAnexo I: frecuencia de las patologías maternas prevalentes
653 _aAnexo II: tasas de mortalidad perinatal según patologías prevalentes
653 _aAnexo III: tablas de medidas ecográficas natales
653 _aAnexo IV: definiciones de indicadores perinatales
653 _aAnexo V: zidovudina para reducir la transmisión perinatal del HIV
653 _aAnexo VI: medicamentos administrados durante el embarazo y sus riesgos potenciales en el feto
930 _a394
930 _a2104
942 _2ddc
_cBK
999 _c205
_d205